| 000 | 00970nas a2200289 4500 | ||
|---|---|---|---|
| 001 | BR2013000128 | ||
| 003 | BR-BrBNA | ||
| 005 | 20231205121748.0 | ||
| 007 | ta | ||
| 008 | 230509b bl.|||p| |||| 00| 00por d | ||
| 040 |
_aBR-BrBNA _bpor _cBiblioteca Nacional de Agricultura |
||
| 041 | _a(Pt) | ||
| 072 | _aP34 | ||
| 100 | 1 | _aCapuani, S. | |
| 100 | 1 | _aRigon, J.P.G. | |
| 100 | 1 | _aBeltrão, N.E. de M. | |
| 100 | 1 | _aBrito Neto, J.F. de | |
| 245 | 1 | _aAtividade microbiana em solos, influenciada por resíduos de algodão e torta de mamona | |
| 650 | _aBIOLOGIA DO SOLO | ||
| 650 | _aRESPIRAÇÃO DO SOLO | ||
| 650 | _aADUBO ORGÂNICO | ||
| 650 | _aDIÓXIDO DE CARBONO | ||
| 773 | 0 |
_tRevista Brasileira de Engenharia Agrícola e Ambiental (Brazil) _xISSN 1807-1929 _g(Dec 2012), v.16(12) p. 1269-1274 _wBR2013000128 |
|
| 856 | 4 | 0 | _uhttp://www.agriambi.com.br/revista/v16n12/v16n12a02.pdf |
| 909 |
_a202311 _bLúcia _c55 _dLúcia Elande |
||
| 942 |
_2AGRIS _n0 _cANA |
||
| 999 |
_c225123 _d225123 |
||